000 01196nam a2200277Ia 4500
003 OSt
005 20220923211422.0
006 a|||||r|||| 00| 0
007 ta
008 220922b |||||||| |||| 00| 0 hin d
020 _a9788193630235 (hbk)
_c850
024 _a348,330
037 _b241, 16/01/2019, Eastern Book Linkers
_cTextual
040 _aARTS
_cARTS
_bhin
041 _2hin
_ahin
082 _aNA44,2:3(Delta:864), 152Q8
100 _aशर्मा, मोहिन्द्र नाथ, ले.
_9160432
245 0 _aगृह - निर्माण
_b वास्तु एवं ज्योतिष के आधार पर
246 _aGṛuh - nirmāṇa: vāstu evan jyotiṣh ke ādhār para
260 _aदिल्ली
_b ईस्टर्न बुक लिंकर्स
_c2018
300 _a243पृ.
_ccm.
650 _a वास्तुशास्त्र
650 _aभारतीय वास्तुकला
_9160433
942 _hNA44,2:3(Delta:864), 152Q8
_cTEXL
_2CC
999 _c299294
_d299294